Annual Report : (Record no. 4117)

MARC details
000 -LEADER
fixed length control field 00464cam a2200169 4500
001 - CONTROL NUMBER
control field 4942
005 - DATE AND TIME OF LATEST TRANSACTION
control field 20181127174447.0
008 - FIXED-LENGTH DATA ELEMENTS--GENERAL INFORMATION
fixed length control field 080219c200u9999bt ar i0 0eng
010 ## - LIBRARY OF CONGRESS CONTROL NUMBER
LC control number 2007434114
110 2# - MAIN ENTRY--CORPORATE NAME
Corporate name or jurisdiction name as entry element RICB
Subordinate unit
245 10 - TITLE STATEMENT
Title Annual Report :
Remainder of title Royal Insurance Corporation of Bhutan Limited /
Statement of responsibility, etc. RICB.
260 ## - PUBLICATION, DISTRIBUTION, ETC.
Place of publication, distribution, etc. Thimphu :
Name of publisher, distributor, etc. RICB.
Date of publication, distribution, etc. 2014, 2015.
300 ## - PHYSICAL DESCRIPTION
Extent 104 p. ; 30 cm.
Other physical details
Dimensions
310 ## - CURRENT PUBLICATION FREQUENCY
Current publication frequency Annual
610 20 - SUBJECT ADDED ENTRY--CORPORATE NAME
Corporate name or jurisdiction name as entry element RICB
Subordinate unit
650 #0 - SUBJECT ADDED ENTRY--TOPICAL TERM
Topical term or geographic name entry element Banks and banking --Bhutan.
Geographic subdivision
Holdings
Withdrawn status Lost status Source of classification or shelving scheme Damaged status Not for loan Collection code Home library Current library Shelving location Serial Enumeration / chronology Inventory number Total Checkouts Full call number Barcode Date last seen Date last checked out Price effective from Koha item type
    Dewey Decimal Classification     Periodicals RTC Library RTC Library Periodicals 8106 1 Periodicals Serials 30007787 31/05/2019 23/05/2019 27/11/2018 Periodicals
    Dewey Decimal Classification     Periodicals RTC Library RTC Library Periodicals 4942 1 Periodicals Serials 30008517 31/05/2019 23/05/2019 27/11/2018 Periodicals
Royal Thimphu College || All Right Reserved